| 000 | 01002nam a22002651 4500 | ||
|---|---|---|---|
| 001 | 20805 | ||
| 003 | BD-RjUL | ||
| 005 | 20211209000620.0 | ||
| 008 | 140302s1968 enk 000 1 eng d | ||
| 035 | _a(BD-RjUL)20867 | ||
| 040 |
_aDLC _cDLC _dDLC _dBD-RjUL _beng |
||
| 041 | _aeng | ||
| 082 | 0 | 0 |
_a822.808 _bLAT 1968 |
| 245 | 1 | 0 |
_aLate Victorian plays, 1890-1914 / _cedited with an introduction by George Rowell. |
| 260 |
_aLondon ; _aNew York : _bOxford U.P., _c1968. |
||
| 300 |
_axv, 507 p. ; _c16 cm. |
||
| 350 | _a18/- | ||
| 490 | 0 | _aThe World's classics 614 | |
| 505 | 0 | _aThe second Mrs. Tanqueray, by A. W. Pinero.--The liars, by H. A. Jones.--The mollusc, by H. H. Davies.--The Cassilis engagement, by St. J. Hankin.--The Voysey inheritance, by H. Granville-Barker.--Justice, by J. Galsworthy.--Hindle wakes, by S. Houghton. | |
| 650 | 0 |
_aEnglish drama _y19th century. _964252 |
|
| 700 | 1 |
_aRowell, George, _964253 |
|
| 942 |
_2ddc _cBK |
||
| 999 |
_c20805 _d20805 |
||